• 首页
  • 本馆介绍
  • 公告通知
  • 最新文献
  • 馆藏检索
  • 电子资源
  • 读者导购
  • 参考咨询
  • 我的图书馆
  • 登录
  • 详细信息显示
  • 放入我的书架
  • 预约/预借图书
  • 作者相关作品
  • 分类相关作品
  • 丛书相关作品
  • 出版社相关作品

书目信息

  • 表格格式
  • 工作单格式
  • 卡片格式
题名:
科学学基础
    
 
作者: 夏禹龙 著
分册:  
出版信息: 北京   科学出版社  1983
页数: 394页
开本: 19cm
丛书名:
单 册:
中图分类: G301 , G30
科图分类:
主题词: 科学研究--理论 , 科学学
电子资源:
ISBN:
000 00633nam0 2200253 45
001 0183009678
005 20070725175439.04
010    @dCNY2.35
091    @a13031.2350
100    @a19950420d1983 em y0chiy0121 ea
101 0  @achi
102    @aCN@b110000
105    @ay z 000yy
200 10 @a科学学基础@Ake xue xue ji chu@f夏禹龙著
210    @a北京@c科学出版社@d1983
215    @a394页@d19cm
606 0  @a科学研究@x理论
606    @a科学学
690    @aG301@v3
690    @aG30
701  0 @a夏禹龙@Axia yu long@4著
801  2 @aCN@bNLC@c20070725
801  0 @aCN@b上海图书馆@c20040505
905    @f2@b94443-444@dG30@e6
    
    科学学基础/夏禹龙著.-北京:科学出版社,1983
    394页;19cm
    
    
    ISBN :CNY2.35
    
●
相关链接 在E读中查询图书 在五车中查询图书 在当当中查询图书 在豆瓣中查询图书


正题名:科学学基础     索取号:G30/6         预约/预借

序号 登录号 条形码 馆藏地/架位号 状态 备注
1 0094443   000988836   密集书库/ [索取号:G30/6] 在馆    
2 0094444   000988827   密集书库/ [索取号:G30/6] 在馆    
3 0094445   002059765   第一样本阅览室/ [索取号:G30/6] 在馆    
4 0784310   207843100   密集书库/ [索取号:G30/6] 在馆    
唐山师范学院图书馆 欢迎您!
大连网信软件有限公司© 版权所有